00434nam a22001577a 4500003001200000005001700012008004100029020000600070040001200076082001600088100001500104245004000119260003800159300001400197650006500211NUST - PNEC20170116181201.0160111b xxu||||| |||| 00| 0 eng d a- cLIBRARY a891.439 ASL aAslam Rahi aSultan Salahuddin AyubicAslam Rahi aLahorebAmaar Publications;c2015 a464 pages aHistory of Sultan Salahuddin AyubixGeneral, Urdu Literature